[Event "Sparkassen-Open A"]
[Site "Heusenstamm, Martinsee"]
[Date "2018.11.24"]
[Round "4.57"]
[White "Eichner, Christian"]
[Black "Haack, Kevin"]
[Result "1/2-1/2"]
[WhiteElo "2091"]
[BlackElo "1911"]
[PlyCount "110"]
[EventDate "2018.??.??"]
[WhiteTeam "SV TuR Dresden"]
[BlackTeam "SC Bad Soden"]

1. e4 d6 2. d4 Nf6 3. Nc3 Nbd7 4. Nf3 e5 5. Bc4 Be7 6. O-O O-O 7. h3 a6 8. a4
b6 9. Re1 Bb7 10. Bg5 c6 11. Qd2 Qc7 12. Bh4 b5 13. axb5 axb5 14. Rxa8 Rxa8 15.
Bb3 h6 16. d5 Nc5 17. dxc6 Bxc6 18. Nd5 Nxb3 19. Nxc7 Nxd2 20. Nxd2 Rc8 21.
Bxf6 gxf6 22. Na6 d5 23. c3 Bb7 24. Nb4 Bxb4 25. cxb4 Rc2 26. Nb3 Rxb2 27. Na5
Bc8 28. exd5 Bd7 29. Nc6 Rc2 30. Ra1 Bxc6 31. dxc6 Kf8 32. Ra7 Rxc6 33. Rb7 Ke8
34. g4 Rc4 35. Rxb5 Kd7 36. Kg2 Rc3 37. Rb8 Rb3 38. f3 Kd6 39. Rb6+ Ke7 40. h4
Rb2+ 41. Kg3 Rb3 42. Kf2 Rd3 43. Rc6 Rb3 44. Rb6 Rd3 45. Ke2 Rb3 46. b5 Rc3 47.
Rb8 Rb3 48. Rb6 Rc3 49. Ra6 Rb3 50. b6 Kd6 51. b7+ Ke7 52. Ra7 Kd6 53. Kf2 Ke6
54. Ke1 Kd6 55. Ra6+ Ke7 1/2-1/2

[Event "Sparkassen-Open A"]
[Site "Heusenstamm, Martinsee"]
[Date "2018.11.24"]
[Round "4.58"]
[White "Braun, Michael"]
[Black "Kuhn, Gerhard"]
[Result "1-0"]
[WhiteElo "2070"]
[BlackElo "1932"]
[PlyCount "87"]
[EventDate "2018.??.??"]
[WhiteTeam "SG BÃ¼chenbach/Roth"]
[BlackTeam "SK Marburg"]

1. d4 Nf6 2. Bf4 g6 3. Nc3 d5 4. e3 Bg7 5. h4 c5 6. Nb5 Na6 7. c3 cxd4 8. exd4
Qb6 9. a4 Bf5 10. Nf3 Bg4 11. Be2 h5 12. Ne5 Bxe2 13. Qxe2 Qe6 14. Rh3 Ng4 15.
Rd1 O-O 16. Nxg4 Qxe2+ 17. Kxe2 hxg4 18. Rg3 f5 19. f3 gxf3+ 20. gxf3 Rf6 21.
Rdg1 Kf7 22. h5 Rh8 23. hxg6+ Kg8 24. Nxa7 Rh4 25. Bd2 Re6+ 26. Kf2 Nc7 27.
R3g2 Kf8 28. Bg5 Rh3 29. Bf4 Ne8 30. Nb5 Bf6 31. Bg5 Bg7 32. a5 Bh8 33. b4 Bg7
34. Na3 Rc6 35. Bd2 Bf6 36. Rf1 Bh4+ 37. Kg1 Kg7 38. Nc2 Bg3 39. Ne3 Kf6 40.
Nxd5+ Ke6 41. Ne3 Kf6 42. f4 Bh4 43. d5 Rc8 44. c4 1-0

[Event "Sparkassen-Open A"]
[Site "Heusenstamm, Martinsee"]
[Date "2018.11.24"]
[Round "4.59"]
[White "Dickel, Jens"]
[Black "Schmitt, Carsten"]
[Result "1/2-1/2"]
[WhiteElo "2077"]
[BlackElo "1913"]
[PlyCount "100"]
[EventDate "2018.??.??"]
[WhiteTeam "SV Kreuztal"]
[BlackTeam "SV Bergwinkel"]

1. d4 d5 2. Nf3 e6 3. c4 c5 4. g3 Nf6 5. Bg2 Be7 6. O-O O-O 7. cxd5 exd5 8. Nc3
Nc6 9. dxc5 Bxc5 10. Na4 Bd6 11. Be3 Re8 12. Rc1 Rxe3 13. fxe3 Ng4 14. Qd3 Qe7
15. Nc3 Nb4 16. Qd2 Bc5 17. Nd1 Nxa2 18. Ra1 Nxe3 19. Rf2 Nb4 20. Rc1 Nxg2 21.
Rxc5 Qxc5 22. Kxg2 Bf5 23. Qd4 Qxd4 24. Nxd4 Be4+ 25. Kg1 Nc6 26. Nf5 d4 27.
Rf4 Bc2 28. Nf2 g5 29. Nh6+ Kg7 30. Rxf7+ Kxh6 31. Rxb7 Ne5 32. Re7 Nc4 33.
Ng4+ Kg6 34. Rc7 Bb3 35. Rc6+ Kf5 36. h3 h5 37. Rc5+ Ke4 38. Nf2+ Ke3 39. Rb5
Ba2 40. b3 Rf8 41. bxc4 Bxc4 42. Re5+ Kd2 43. Ne4+ Ke1 44. Nxg5 Bxe2 45. Ra5
Re8 46. Ra1+ Kd2 47. Kf2 Re7 48. Ra2+ Kd1 49. Ra1+ Kd2 50. Ra2+ Kd1 1/2-1/2

[Event "Sparkassen-Open A"]
[Site "Heusenstamm, Martinsee"]
[Date "2018.11.24"]
[Round "4.60"]
[White "Harringer, Manfred"]
[Black "Bakiev, Diyor"]
[Result "1-0"]
[WhiteElo "2038"]
[BlackElo "1908"]
[PlyCount "75"]
[EventDate "2018.??.??"]
[WhiteTeam "Bergische SF"]
[BlackTeam "SV Ffm-Griesheim"]

1. e4 Nf6 2. Nc3 e5 3. g3 d5 4. exd5 Nxd5 5. Nge2 Be6 6. Bg2 Nc6 7. d3 Bc5 8.
a3 a5 9. Ne4 Be7 10. h4 h6 11. c4 Nb6 12. Be3 O-O 13. Qc2 f5 14. Nc5 Bc8 15. f4
exf4 16. Nxf4 Bxc5 17. Bxc5 Re8+ 18. Kf2 Qf6 19. Rhe1 Bd7 20. Qc3 Qxc3 21. bxc3
g5 22. hxg5 hxg5 23. Bxb6 gxf4 24. Bxc7 fxg3+ 25. Bxg3 Kf7 26. Bf3 Rh8 27. Rab1
Bc8 28. Bd5+ Kg6 29. Rg1 Kf6 30. Rbe1 Rh7 31. Re8 a4 32. Bf4 Rg7 33. Rf8+ Ke7
34. Bd6+ Kxd6 35. Rxg7 Rb8 36. d4 Be6 37. Rf6 Nd8 38. Rgg6 1-0

[Event "Sparkassen-Open A"]
[Site "Heusenstamm, Martinsee"]
[Date "2018.11.24"]
[Round "4.61"]
[White "Schubert, Nikita"]
[Black "Foermes, Alexander"]
[Result "1-0"]
[WhiteElo "1845"]
[BlackElo "2061"]
[PlyCount "71"]
[EventDate "2018.??.??"]
[WhiteTeam "ESV Gera"]
[BlackTeam "SK Marburg"]

1. d4 Nf6 2. c4 e6 3. Nf3 d5 4. g3 Bb4+ 5. Nbd2 dxc4 6. Bg2 Nc6 7. a3 Ba5 8.
O-O c3 9. Nc4 cxb2 10. Bxb2 Bb6 11. a4 Na5 12. Nxa5 Bxa5 13. Ba3 Ne4 14. Qd3
Nd6 15. Ne5 f6 16. Nc4 Nxc4 17. Qxc4 c6 18. e4 Kf7 19. d5 Bd7 20. Rfd1 Qe8 21.
Qb3 cxd5 22. exd5 b6 23. Qe3 Rc8 24. Rd3 Rc4 25. Rad1 e5 26. d6 Rxa4 27. Bd5+
Kf8 28. Rc1 b5 29. Bc5 e4 30. Rd4 Rxd4 31. Qxd4 f5 32. Ra1 Bd8 33. Rxa7 Bf6 34.
Qe3 Qd8 35. Ra8 Bc8 36. d7+ 1-0

[Event "Sparkassen-Open A"]
[Site "Heusenstamm, Martinsee"]
[Date "2018.11.24"]
[Round "4.62"]
[White "Oparaugo, Thomas"]
[Black "Tuzi, Bruna"]
[Result "1/2-1/2"]
[WhiteElo "2052"]
[BlackElo "1866"]
[PlyCount "81"]
[EventDate "2018.??.??"]
[WhiteTeam "SV Oberursel"]
[BlackTeam "SK GieÃŸen"]

1. e4 c5 2. Nf3 Nc6 3. Bb5 Nd4 4. Nxd4 cxd4 5. O-O g6 6. d3 a6 7. Bc4 e6 8. a4
Bg7 9. f4 Ne7 10. Qf3 d6 11. f5 exf5 12. exf5 gxf5 13. Bg5 h5 14. Qg3 Be5 15.
Qh4 Qc7 16. Re1 Ng6 17. Qxd4 Be6 18. Qe3 f4 19. Qf2 Bxc4 20. d4 f6 21. Bxf6 Rf8
22. dxe5 dxe5 23. Bxe5 Nxe5 24. Nd2 O-O-O 25. Rxe5 Qxe5 26. Nxc4 Qd4 27. Qxd4
Rxd4 28. b3 f3 29. g3 Rf5 30. a5 f2+ 31. Kg2 Kd7 32. Rf1 b5 33. axb6 Rxc4 34.
bxc4 a5 35. Rd1+ Kc6 36. Kf1 Kxb6 37. Rb1+ Kc6 38. Ra1 Kb6 39. Rb1+ Kc6 40. Ra1
Kb6 41. Rb1+ 1/2-1/2

[Event "Sparkassen-Open A"]
[Site "Heusenstamm, Martinsee"]
[Date "2018.11.24"]
[Round "4.63"]
[White "Lehmann, Tim"]
[Black "Bordin, Igor"]
[Result "0-1"]
[WhiteElo "1901"]
[BlackElo "2051"]
[PlyCount "78"]
[EventDate "2018.??.??"]
[WhiteTeam "SV Lahn Limburg"]
[BlackTeam "SC Fehrbach"]

1. d4 Nf6 2. Bf4 e6 3. Nf3 d5 4. e3 Be7 5. Nbd2 b6 6. Ne5 O-O 7. Bd3 Bb7 8. Qf3
Nbd7 9. Qh3 c5 10. c3 a5 11. Ndf3 c4 12. Bc2 b5 13. g4 g6 14. Bh6 Re8 15. Rg1
b4 16. g5 Nxe5 17. Nxe5 Nd7 18. f4 Nxe5 19. fxe5 bxc3 20. bxc3 Bc6 21. Rg3 Rb8
22. Qh4 Rb2 23. Rc1 Rxa2 24. Bg7 Bxg5 25. Rxg5 Kxg7 26. Qg3 Re7 27. h4 Rb7 28.
h5 Be8 29. hxg6 hxg6 30. Qh4 Kf8 31. Bxg6 Rh2 32. Qxh2 Qxg5 33. Qh8+ Ke7 34.
Bxf7 Qxe3+ 35. Kd1 Qf3+ 36. Kd2 Bxf7 37. Qh4+ Kd7 38. Qh2 Rb2+ 39. Rc2 Qd3+ 0-1

[Event "Sparkassen-Open A"]
[Site "Heusenstamm, Martinsee"]
[Date "2018.11.24"]
[Round "4.64"]
[White "Benninger, Rudolf"]
[Black "Ahrends, Norbert"]
[Result "1/2-1/2"]
[WhiteElo "2042"]
[BlackElo "1856"]
[PlyCount "137"]
[EventDate "2018.??.??"]
[WhiteTeam "SC Heusenstamm"]
[BlackTeam "SV GroÃŸ-Gerau"]

1. e4 c6 2. c4 d5 3. exd5 cxd5 4. cxd5 Qxd5 5. Nc3 Qd8 6. d4 Nf6 7. Nf3 g6 8.
Bc4 Bg7 9. O-O O-O 10. d5 a6 11. Re1 b5 12. Bb3 Bb7 13. Bg5 Nbd7 14. Qe2 Re8
15. a3 h6 16. Be3 Nb6 17. Bxb6 Qxb6 18. Rad1 Rad8 19. Ne5 Rd6 20. a4 b4 21. Nc4
Qc5 22. Nxd6 exd6 23. Qxe8+ Nxe8 24. Rxe8+ Kh7 25. Ne4 Qc7 26. h3 Qd7 27. Re1
Bxb2 28. h4 Kg7 29. Ng3 Be5 30. Rb8 Bxg3 31. fxg3 Bxd5 32. Rxb4 Bxb3 33. Rxb3
Qxa4 34. Rb7 g5 35. h5 Qd4+ 36. Kf1 a5 37. Ree7 Qd1+ 38. Kf2 Qxh5 39. g4 Qg6
40. g3 a4 41. Ra7 a3 42. Re3 Qc2+ 43. Kf3 a2 44. Rea3 Qd1+ 45. Kf2 Qxg4 46.
Rxa2 Qf5+ 47. Kg2 g4 48. Rf2 Qd5+ 49. Kg1 Kg6 50. Kh2 f5 51. Ra4 h5 52. Raf4
Kg5 53. Kg1 Qd3 54. Kg2 Qd5+ 55. Kf1 Qe5 56. Kg2 d5 57. Kf1 d4 58. Re2 Qd5 59.
Ref2 d3 60. Ke1 d2+ 61. Kd1 Qb3+ 62. Kxd2 Qxg3 63. Rxf5+ Kh4 64. Ke2 Qd6 65.
Kf1 Qb8 66. Kg1 Qb1+ 67. Kg2 Qd3 68. Kg1 Qe3 69. Kg2 1/2-1/2

[Event "Sparkassen-Open A"]
[Site "Heusenstamm, Martinsee"]
[Date "2018.11.24"]
[Round "4.65"]
[White "Altenbernd, Dirk"]
[Black "Bethke, Robert"]
[Result "1/2-1/2"]
[WhiteElo "1842"]
[BlackElo "2036"]
[PlyCount "38"]
[EventDate "2018.??.??"]
[WhiteTeam "SK TÃ¶nsberg Oerlinghausen"]
[BlackTeam "SF Neuberg"]

1. c4 Nf6 2. g3 e5 3. Bg2 c6 4. d4 exd4 5. Qxd4 Na6 6. Nc3 Be7 7. Nf3 O-O 8.
O-O Re8 9. Qd2 d6 10. b3 h6 11. Bb2 Bf5 12. Nd4 Bd7 13. Rfd1 Qa5 14. Nd5 Qxd2
15. Nxe7+ Rxe7 16. Rxd2 Rae8 17. e3 Nc5 18. Ne2 Nfe4 19. Rd4 Ng5 1/2-1/2

[Event "Sparkassen-Open A"]
[Site "Heusenstamm, Martinsee"]
[Date "2018.11.24"]
[Round "4.66"]
[White "Meyer, Marcel"]
[Black "Syed, Tareq"]
[Result "1/2-1/2"]
[WhiteElo "1811"]
[BlackElo "2025"]
[PlyCount "41"]
[EventDate "2018.??.??"]
[WhiteTeam "SC Herborn"]
[BlackTeam "SC Brett vorm Kopp"]

1. d4 c6 2. c4 d6 3. Nc3 Nf6 4. Nf3 Nbd7 5. g3 e5 6. e4 Be7 7. Bg2 O-O 8. O-O
Re8 9. Qc2 Qc7 10. h3 b6 11. b3 b5 12. Be3 Ba6 13. cxb5 cxb5 14. Rfc1 Rac8 15.
Qd2 Qb7 16. dxe5 dxe5 17. Nd5 Bd8 18. Ne1 Nb6 19. Nb4 Rxc1 20. Rxc1 Be7 21.
Ned3 1/2-1/2

[Event "Sparkassen-Open A"]
[Site "Heusenstamm, Martinsee"]
[Date "2018.11.24"]
[Round "4.67"]
[White "Hehn, Hartmut"]
[Black "Rabiya, Karim"]
[Result "1/2-1/2"]
[WhiteElo "2016"]
[BlackElo "1754"]
[PlyCount "154"]
[EventDate "2018.??.??"]
[WhiteTeam "SV Ebersbach"]
[BlackTeam "SK Niederbrechen"]

1. e4 Nf6 2. e5 Nd5 3. d4 d6 4. c4 Nb6 5. exd6 cxd6 6. Nc3 g6 7. b3 Bg7 8. Bb2
O-O 9. Rc1 Nc6 10. d5 Nd4 11. Bd3 e5 12. dxe6 fxe6 13. Nge2 Qh4 14. O-O d5 15.
c5 Nd7 16. Na4 e5 17. Nxd4 exd4 18. g3 Qh3 19. f4 Nf6 20. Qf3 Bg4 21. Qg2 Qxg2+
22. Kxg2 Ne4 23. Rfe1 Bd7 24. c6 Bxc6 25. Nc5 Rae8 26. b4 a6 27. Nxa6 Ra8 28.
b5 Bxb5 29. Bxb5 bxa6 30. Bc6 Rad8 31. Bxd5+ Rxd5 32. Rxe4 Rb8 33. Ba1 a5 34.
Kf3 Rb7 35. Rd1 Rb4 36. g4 a4 37. h4 Rc4 38. Rd2 Kf7 39. Re1 Bf6 40. g5 Bd8 41.
Ke4 Rd7 42. Rb1 Bc7 43. Rxd4 Rdxd4+ 44. Bxd4 Ke6 45. h5 Bxf4 46. hxg6 hxg6 47.
Rb6+ Bd6 48. Kd3 Rb4 49. Ra6 Kd5 50. Ra5+ Kc6 51. Kc3 Rb5 52. Ra6+ Kd7 53. Rxa4
Rxg5 54. Ra7+ Kc6 55. Ra6+ Kd7 56. a4 Rg3+ 57. Kc4 Rg4 58. Kd5 Rg5+ 59. Ke4
Rg4+ 60. Ke3 g5 61. Ba7 Rc4 62. Kf3 g4+ 63. Ke2 g3 64. Be3 Rc2+ 65. Kd3 Rc8 66.
Ra7+ Bc7 67. Ke2 Rf8 68. Bb6 Re8+ 69. Kf3 Rf8+ 70. Kg2 Rc8 71. Bxc7 Rxc7 72.
Ra8 Rc3 73. a5 Kc7 74. Rg8 Kb7 75. Rg6 Ra3 76. Rxg3 Rxg3+ 77. Kxg3 Ka6 1/2-1/2

[Event "Sparkassen-Open A"]
[Site "Heusenstamm, Martinsee"]
[Date "2018.11.24"]
[Round "4.68"]
[White "Mohr, Thomas"]
[Black "Scharrer, Udo"]
[Result "1/2-1/2"]
[WhiteElo "1778"]
[BlackElo "2014"]
[PlyCount "33"]
[EventDate "2018.??.??"]
[WhiteTeam "SC FK Babenhausen"]
[BlackTeam "SV Dicker Turm Esslingen"]

1. f4 d5 2. Nf3 g6 3. e3 Bg7 4. d4 Nf6 5. Bd3 O-O 6. O-O b6 7. c3 Ba6 8. Bxa6
Nxa6 9. Qe2 Qc8 10. Nbd2 c5 11. Ne5 e6 12. Ndf3 Nb8 13. Nd3 Nbd7 14. Nfe5 Ne4
15. Nf2 Ndf6 16. Neg4 Qc7 17. Nxf6+ 1/2-1/2

[Event "Sparkassen-Open A"]
[Site "Heusenstamm, Martinsee"]
[Date "2018.11.24"]
[Round "4.69"]
[White "Riemann, Jonas"]
[Black "Kolker, Vladislav"]
[Result "0-1"]
[WhiteElo "1761"]
[BlackElo "1999"]
[PlyCount "100"]
[EventDate "2018.??.??"]
[WhiteTeam "SK Bickenbach"]
[BlackTeam "SC Bad Nauheim"]

1. e4 e5 2. Nf3 Nc6 3. Bc4 Nf6 4. d3 Be7 5. c3 O-O 6. O-O d5 7. exd5 Nxd5 8. d4
Nb6 9. Bb3 exd4 10. Nxd4 Nxd4 11. cxd4 Nd5 12. Nc3 Be6 13. Qf3 c6 14. Nxd5 Bxd5
15. Bxd5 Qxd5 16. Qxd5 cxd5 17. Bf4 Bf6 18. Be5 Bxe5 19. dxe5 Rfd8 20. Rad1 Kf8
21. f4 Rac8 22. Rd2 Ke7 23. f5 g6 24. fxg6 hxg6 25. Rf6 Rc6 26. Rdf2 Rxf6 27.
Rxf6 d4 28. Kf1 Rd5 29. Rf4 d3 30. Ke1 Rxe5+ 31. Kd2 Re2+ 32. Kxd3 Rxb2 33. h4
Rxa2 34. g4 Rh2 35. g5 Rb2 36. Kc3 Rb1 37. Ra4 a6 38. Kc2 Rb5 39. Rc4 a5 40.
Rc7+ Ke6 41. Rc4 Rb4 42. Rc7 b5 43. Ra7 a4 44. Ra6+ Ke5 45. Rf6 Rxh4 46. Rxf7
Rg4 47. Rb7 b4 48. Rb5+ Kf4 49. Rxb4+ Kxg5 50. Rb8 Rd4 0-1

[Event "Sparkassen-Open A"]
[Site "Heusenstamm, Martinsee"]
[Date "2018.11.24"]
[Round "4.70"]
[White "Schmitt, Clemens"]
[Black "HeÃŸ, Steffen"]
[Result "0-1"]
[WhiteElo "1746"]
[BlackElo "2092"]
[PlyCount "68"]
[EventDate "2018.??.??"]
[WhiteTeam "SV Bergwinkel"]
[BlackTeam "SC GroÃŸ-Zimmern"]

1. c4 g6 2. g3 Bg7 3. Bg2 Nf6 4. Nc3 O-O 5. e4 d6 6. Nge2 Nc6 7. O-O e5 8. d3
Be6 9. Nd5 Qd7 10. f4 exf4 11. Nexf4 Bg4 12. Bf3 Bxf3 13. Qxf3 Ng4 14. h3 Nge5
15. Qg2 Rae8 16. Bd2 Ne7 17. Nxe7+ Rxe7 18. Nd5 Nxd3 19. Bh6 Re6 20. Bxg7 Kxg7
21. Nf6 Rxf6 22. Rxf6 Kxf6 23. Qf3+ Kg7 24. Qxd3 Qxh3 25. Rf1 h5 26. Qd4+ f6
27. Rf3 h4 28. Qf2 Qg4 29. Kf1 hxg3 30. Rxg3 Qd1+ 31. Kg2 Rh8 32. Rxg6+ Kxg6
33. Qf5+ Kg7 34. Qd7+ Kh6 0-1

[Event "Sparkassen-Open A"]
[Site "Heusenstamm, Martinsee"]
[Date "2018.11.24"]
[Round "4.71"]
[White "Gallasch, Jonas"]
[Black "BÃ¼se, Ralf"]
[Result "1-0"]
[WhiteElo "2100"]
[BlackElo "1906"]
[PlyCount "43"]
[EventDate "2018.??.??"]
[WhiteTeam "SG Porz"]
[BlackTeam "SC Ladja RoÃŸdorf"]

1. d4 e6 2. c4 f5 3. Nc3 Nf6 4. Bf4 d5 5. cxd5 exd5 6. e3 c6 7. Bd3 Bd6 8. Nh3
O-O 9. O-O Ne4 10. f3 Nxc3 11. bxc3 Bxf4 12. Nxf4 Qe7 13. Qe2 Qd6 14. Qd2 Nd7
15. e4 fxe4 16. fxe4 dxe4 17. Bc4+ Kh8 18. Ne6 Rf6 19. Nxg7 Nb6 20. Ne8 Rxf1+
21. Rxf1 Nxc4 22. Qg5 1-0

[Event "Sparkassen-Open A"]
[Site "Heusenstamm, Martinsee"]
[Date "2018.11.24"]
[Round "4.72"]
[White "Mooser, Nicolas"]
[Black "Pabel, Ralph"]
[Result "1-0"]
[WhiteElo "2095"]
[BlackElo "1905"]
[PlyCount "69"]
[EventDate "2018.??.??"]
[WhiteTeam "FC Ergolding"]
[BlackTeam "SK Mainaschaff"]

1. Nf3 d5 2. g3 g6 3. Bg2 Bg7 4. d4 c6 5. O-O Nf6 6. c4 e6 7. Nc3 O-O 8. cxd5
exd5 9. b4 a6 10. Bf4 Nbd7 11. a4 Qe7 12. b5 Ne4 13. Nxe4 dxe4 14. Ne5 Nxe5 15.
dxe5 Bxe5 16. bxc6 Rd8 17. Qc1 Bxa1 18. c7 Rd7 19. Qxa1 f5 20. a5 Rxc7 21. Bxc7
Qxc7 22. Rc1 Qg7 23. Qxg7+ Kxg7 24. Rc7+ Kf6 25. Rxh7 b6 26. axb6 Rb8 27. Rh8
a5 28. b7 Rxb7 29. Rxc8 a4 30. Ra8 Rb1+ 31. Bf1 Ra1 32. e3 a3 33. Kg2 Kg7 34.
Ra7+ Kf6 35. h4 1-0

[Event "Sparkassen-Open A"]
[Site "Heusenstamm, Martinsee"]
[Date "2018.11.24"]
[Round "4.73"]
[White "Mueller, Werner"]
[Black "Kirchner, Markus"]
[Result "0-1"]
[WhiteElo "2089"]
[BlackElo "1887"]
[PlyCount "96"]
[EventDate "2018.??.??"]
[WhiteTeam "BCA Augsburg"]
[BlackTeam "SF SchÃ¶neck"]

1. e4 e6 2. d3 d5 3. Nd2 Nf6 4. Ngf3 Bc5 5. e5 Nfd7 6. d4 Be7 7. Bd3 c5 8. c3
Nc6 9. O-O O-O 10. Re1 cxd4 11. cxd4 f6 12. exf6 Nxf6 13. Nf1 Bd7 14. a3 Qb6
15. b4 a5 16. b5 Nd8 17. a4 Bb4 18. Bd2 Bd6 19. Bg5 Bb4 20. Re2 Be8 21. Raa2
Bh5 22. Ng3 Bg4 23. Re3 Kh8 24. Bb1 Rc8 25. Rc2 Rxc2 26. Qxc2 g6 27. Bxf6+ Rxf6
28. Qc8 Rf8 29. Ne5 Qxd4 30. h3 Qd1+ 31. Kh2 Qxb1 32. hxg4 Qb2 33. Rf3 Qxe5 34.
Rxf8+ Bxf8 35. Qxd8 Qd6 36. Qxa5 b6 37. Qa8 Kg7 38. a5 bxa5 39. Qxa5 Be7 40.
Qa7 d4 41. Kg1 d3 42. Ne4 Qb4 43. Qb7 Kh6 44. g3 Bc5 45. g5+ Kh5 46. Qxh7+ Kg4
47. Qxg6 Kf3 48. Nxc5 Qe1+ 0-1

[Event "Sparkassen-Open A"]
[Site "Heusenstamm, Martinsee"]
[Date "2018.11.24"]
[Round "4.74"]
[White "Deutsch, Christoph"]
[Black "Olesiak, Marcin"]
[Result "0-1"]
[WhiteElo "1876"]
[BlackElo "2043"]
[PlyCount "98"]
[EventDate "2018.??.??"]
[WhiteTeam "SK GrÃ¼ndau"]
[BlackTeam "SV Oberursel"]

1. e4 c5 2. Nf3 d6 3. d4 cxd4 4. Nxd4 Nf6 5. Nc3 a6 6. Be2 e5 7. Nb3 Be7 8. Be3
Be6 9. Qd3 Nbd7 10. O-O O-O 11. Nd5 Bxd5 12. exd5 Re8 13. c4 b6 14. f4 Bf8 15.
a4 Rc8 16. Rac1 Qe7 17. Rfe1 a5 18. g3 g6 19. Nd2 Bh6 20. fxe5 Nxe5 21. Qb3
Bxe3+ 22. Qxe3 Nfd7 23. Bf1 Nc5 24. b3 f5 25. Nf3 Nxf3+ 26. Qxf3 Qf6 27. Rb1
Re4 28. Rxe4 Nxe4 29. Re1 Qd4+ 30. Qe3 Qxe3+ 31. Rxe3 Kf7 32. g4 Kf6 33. Bh3
Ke5 34. gxf5 gxf5 35. Bg2 Rg8 36. Kf1 Rg6 37. Bxe4 fxe4 38. Rh3 Kd4 39. Kf2 h6
40. Re3 Rg2+ 41. Kxg2 Kxe3 42. b4 axb4 43. c5 bxc5 44. a5 b3 45. a6 b2 46. a7
b1=Q 47. a8=Q Qd3 48. Qf8 Qe2+ 49. Kg1 Qg4+ 0-1

[Event "Sparkassen-Open A"]
[Site "Heusenstamm, Martinsee"]
[Date "2018.11.24"]
[Round "4.75"]
[White "SurÃ¡nyi, PÃ¡l"]
[Black "Modric, Vladimir"]
[Result "0-1"]
[WhiteElo "2061"]
[BlackElo "1893"]
[PlyCount "108"]
[EventDate "2018.??.??"]
[WhiteTeam "SC Remagen-Sinzig"]
[BlackTeam "SC Nied"]

1. d4 d6 2. Nf3 c6 3. g3 Nf6 4. Bg2 Bg4 5. h3 Bh5 6. c4 Nbd7 7. Nc3 e5 8. e4
Be7 9. Be3 O-O 10. Qc2 Re8 11. O-O Bf8 12. b4 Bxf3 13. Bxf3 exd4 14. Bxd4 Ne5
15. Be2 d5 16. exd5 cxd5 17. c5 Nc6 18. Rad1 Nxb4 19. Qa4 Nc6 20. Bb5 Nxd4 21.
Bxe8 Bxc5 22. Bb5 a6 23. Rxd4 axb5 24. Qd1 b4 25. Ne2 Bxd4 26. Nxd4 Rxa2 27.
Qb1 Qa5 28. Qf5 Qc5 29. Qf4 h6 30. Rc1 Qe7 31. Nf5 Qe4 32. Nxh6+ gxh6 33. Qxf6
Qe6 34. Qf3 Re2 35. Kf1 Qe4 36. Qf6 Qh1+ 37. Kxe2 Qxc1 38. Qd8+ Kg7 39. Qxd5
Qc2+ 40. Ke3 Qc3+ 41. Qd3 Qe1+ 42. Kf3 Qh1+ 43. Kg4 Qa1 44. f4 Qc3 45. Qb5 b3
46. Qxb7 b2 47. Qb5 Qd4 48. Qb3 Qd2 49. Kh5 Qe2+ 50. g4 Qd2 51. Qb8 Qc3 52. h4
Qf6 53. g5 Qg6+ 54. Kg4 b1=Q 0-1

[Event "Sparkassen-Open A"]
[Site "Heusenstamm, Martinsee"]
[Date "2018.11.24"]
[Round "4.76"]
[White "Haller, Luis"]
[Black "Englert, Jon"]
[Result "1/2-1/2"]
[WhiteElo "1890"]
[BlackElo "2022"]
[PlyCount "163"]
[EventDate "2018.??.??"]
[WhiteTeam "SF Konz-Karthaus"]
[BlackTeam "TV-GroÃŸostheim"]

1. d4 Nf6 2. c4 c5 3. d5 e6 4. dxe6 fxe6 5. Nc3 a6 6. e4 Nc6 7. Bf4 d6 8. Nf3
Qc7 9. Qd2 Nd4 10. O-O-O e5 11. Bg5 Be6 12. Bd3 Be7 13. Nd5 Bxd5 14. exd5 g6
15. Rhe1 O-O-O 16. Nxd4 cxd4 17. Kb1 Nh5 18. Bxe7 Qxe7 19. Rc1 Kb8 20. Qb4 Rc8
21. Rc2 Rc7 22. Qb6 Ka8 23. c5 Rxc5 24. Rxc5 dxc5 25. d6 Qf6 26. Be4 Qf7 27.
Qxa6+ Kb8 28. Qb5 Rd8 29. Qxc5 Qd7 30. Qxe5 Qxd6 31. Qxd6+ Rxd6 32. g3 Nf6 33.
Bf3 Nd7 34. Kc2 Rf6 35. Bg4 Rxf2+ 36. Re2 Rf7 37. Bxd7 Rxd7 38. Kd3 Ka7 39. Re4
Rf7 40. Rf4 Re7 41. Rxd4 Re1 42. Rh4 Re7 43. Re4 Rc7 44. Re2 Kb6 45. Ke4 Re7+
46. Kf3 Rf7+ 47. Kg4 Kc6 48. Rd2 Rf5 49. h4 Kc7 50. Rh2 h5+ 51. Kh3 Kd7 52. Rg2
Rf3 53. Kh2 Ke7 54. g4 hxg4 55. Rxg4 Rf6 56. Rb4 b6 57. Kg3 Rd6 58. Kg4 Kf6 59.
Rf4+ Kg7 60. h5 gxh5+ 61. Kxh5 Rd2 62. Rb4 Rd6 63. Kg5 Kf7 64. Kf5 Ke7 65. Ke5
Rh6 66. Kd5 Kd7 67. Rg4 Rh5+ 68. Kc4 Kc6 69. Rg6+ Kc7 70. Kb4 Rf5 71. Rg4 Kc6
72. a4 Rh5 73. Kc3 Rf5 74. b4 Rh5 75. Kc4 b5+ 76. axb5+ Kb6 77. Rg6+ Kb7 78.
Rd6 Rh1 79. b6 Rh5 80. b5 Rh1 81. Rd7+ Kxb6 82. Rd6+ 1/2-1/2

[Event "Sparkassen-Open A"]
[Site "Heusenstamm, Martinsee"]
[Date "2018.11.24"]
[Round "4.77"]
[White "Nyenhuis, Yannek"]
[Black "Martin, Reiner"]
[Result "1-0"]
[WhiteElo "1892"]
[BlackElo "2023"]
[PlyCount "47"]
[EventDate "2018.??.??"]
[WhiteTeam "PSV Uelzen"]
[BlackTeam "SC Bad Soden"]

1. d4 Nf6 2. Bg5 c5 3. d5 Qb6 4. Nc3 Qxb2 5. Bd2 Qb6 6. e4 d6 7. f4 e5 8. fxe5
dxe5 9. Nf3 Nbd7 10. Rb1 Qd8 11. Bc4 a6 12. a4 Qc7 13. O-O Qd6 14. Bg5 h6 15.
Bh4 Ng4 16. Qe2 Qg6 17. Bg3 Bd6 18. Nh4 Qg5 19. Nf5 Bf8 20. d6 Ngf6 21. Nd5 Ra7
22. Nc7+ Kd8 23. Bxf7 Nb8 24. Bh4 1-0

[Event "Sparkassen-Open A"]
[Site "Heusenstamm, Martinsee"]
[Date "2018.11.24"]
[Round "4.78"]
[White "Rettig, Helge"]
[Black "MÃ¼dder, Melanie"]
[Result "1/2-1/2"]
[WhiteElo "2007"]
[BlackElo "1855"]
[PlyCount "69"]
[EventDate "2018.??.??"]
[WhiteTeam "SF Verl"]
[BlackTeam "SG Solingen"]

1. d4 d5 2. c4 dxc4 3. Nf3 c6 4. e3 Be6 5. a4 Nf6 6. Na3 g6 7. Nxc4 Bg7 8. Bd3
c5 9. O-O O-O 10. Qe2 Qc8 11. Bd2 Bg4 12. dxc5 Qxc5 13. Rac1 Qc6 14. a5 Bxf3
15. gxf3 Qe6 16. Bc3 Nc6 17. b4 b5 18. axb6 axb6 19. b5 Na5 20. Nxa5 bxa5 21.
Bc4 Qh3 22. b6 Nd7 23. b7 Rab8 24. Bd5 Qf5 25. e4 Qf4 26. Bd2 Qh4 27. f4 Nf6
28. Bc6 Ng4 29. f3 Bd4+ 30. Kh1 Nf2+ 31. Rxf2 Qxf2 32. Qxf2 Bxf2 33. Ra1 Bb6
34. Bxa5 Bxa5 35. Rxa5 1/2-1/2

[Event "Sparkassen-Open A"]
[Site "Heusenstamm, Martinsee"]
[Date "2018.11.24"]
[Round "4.79"]
[White "Eg, Karlheinz"]
[Black "Berberich, Christoph"]
[Result "1/2-1/2"]
[WhiteElo "1872"]
[BlackElo "1997"]
[PlyCount "49"]
[EventDate "2018.??.??"]
[WhiteTeam "SV RÃ¼sselsheim"]
[BlackTeam "SGEM Dreisamtal"]

1. e4 c5 2. Nf3 Nc6 3. d4 cxd4 4. Nxd4 Nf6 5. Nc3 e5 6. Ndb5 d6 7. Bg5 a6 8.
Bxf6 gxf6 9. Na3 b5 10. Nd5 f5 11. Bd3 Be6 12. c3 Bxd5 13. exd5 Ne7 14. Nxb5
Bg7 15. Na3 O-O 16. O-O Qa5 17. Nc4 Qc5 18. b4 Qc7 19. Be2 Rfd8 20. Qd2 e4 21.
Rac1 Ng6 22. f4 Rdc8 23. g3 Ne7 24. Kg2 Rab8 25. Rfd1 1/2-1/2

[Event "Sparkassen-Open A"]
[Site "Heusenstamm, Martinsee"]
[Date "2018.11.24"]
[Round "4.80"]
[White "Diehm, Alexander"]
[Black "Browning, Rebecca"]
[Result "1/2-1/2"]
[WhiteElo "1995"]
[BlackElo "1836"]
[PlyCount "69"]
[EventDate "2018.??.??"]
[WhiteTeam "SC FK Babenhausen"]
[BlackTeam "MS Halver-SchalksmÃ¼hle"]

1. d4 d5 2. Nf3 c6 3. e3 Bf5 4. Bd3 Bxd3 5. Qxd3 e6 6. O-O Bd6 7. Nbd2 Nf6 8.
e4 dxe4 9. Nxe4 Nxe4 10. Qxe4 Nd7 11. Ne5 Nf6 12. Qe2 Qc7 13. Bf4 Nd7 14. Rfe1
Nxe5 15. dxe5 Be7 16. Rad1 O-O 17. Qg4 Rfd8 18. Bh6 g6 19. Bg5 Bxg5 20. Qxg5
Rd7 21. h4 Qd8 22. Rxd7 Qxd7 23. h5 Qd8 24. Qg4 Qe7 25. hxg6 hxg6 26. Re3 Kg7
27. Rh3 Rh8 28. Rxh8 Kxh8 29. Qd4 Kg7 30. Qxa7 Qb4 31. Qe3 Qxb2 32. Qf4 Qxa2
33. Qf6+ Kg8 34. Qd8+ Kg7 35. Qf6+ 1/2-1/2

[Event "Sparkassen-Open A"]
[Site "Heusenstamm, Martinsee"]
[Date "2018.11.24"]
[Round "4.81"]
[White "MÃ¼dder, Rafael"]
[Black "Goetz, Jan"]
[Result "1-0"]
[WhiteElo "1994"]
[BlackElo "1869"]
[PlyCount "59"]
[EventDate "2018.??.??"]
[WhiteTeam "SG Solingen"]
[BlackTeam "SK Bad Homburg"]

1. e4 c6 2. Nf3 d5 3. exd5 cxd5 4. Ne5 Nf6 5. d4 g6 6. Bb5+ Nbd7 7. Nc3 a6 8.
Ba4 b5 9. Bb3 Nb6 10. a4 b4 11. a5 bxc3 12. axb6 Qxb6 13. Ba4+ Nd7 14. bxc3 e6
15. Qf3 f5 16. O-O Bd6 17. Bf4 Ra7 18. Nc6 Bxf4 19. Nxa7 Bxh2+ 20. Kxh2 Qxa7
21. Qe3 Kf7 22. Bxd7 Bxd7 23. Rfb1 Rc8 24. g3 a5 25. Kg2 a4 26. Rh1 Kg8 27. Rh6
Rc7 28. Rah1 Bc8 29. Qe5 Rf7 30. Rxg6+ 1-0